Một số giải pháp nâng cao hiệu quả rèn kĩ năng nghề nghiệp cho sinh viên chuyên ngành địa lí trường Cao đẳng sư phạm Điện Biên /

محفوظ في:
التفاصيل البيبلوغرافية
المؤلف الرئيسي: Lê Thị Huyên.
التنسيق: مقال
اللغة:Vietnamese
الموضوعات:
الوسوم: إضافة وسم
لا توجد وسوم, كن أول من يضع وسما على هذه التسجيلة!
Thư viện lưu trữ: Thư viện Trường Đại học Đà Lạt
LEADER 00889nam a2200265 4500
001 DLU180187964
005 ##20181017
040 # # |a DLU  |b vie 
041 # # |a vie 
044 # # |a vn 
100 # # |a Lê Thị Huyên. 
245 # # |a Một số giải pháp nâng cao hiệu quả rèn kĩ năng nghề nghiệp cho sinh viên chuyên ngành địa lí trường Cao đẳng sư phạm Điện Biên /  |c Lê Thị Huyên. 
653 # # |a Địa lí 
653 # # |a Chất lượng giáo dục 
653 # # |a Kĩ năng nghề nghiệp 
773 # # |t Tạp chí dạy và học ngày nay  |g Số 10, 2017, tr. 54-56 
920 # # |a Phòng Tạp chí -- Trung tâm Thông tin - Thư viện Trường Đại học Đà Lạt 
994 # # |a DLU 
900 # # |a True 
911 # # |a Trần Thị Minh Hương 
925 # # |a G 
926 # # |a A 
927 # # |a BB 
980 # # |a Thư viện Trường Đại học Đà Lạt